|
|
|
|
| LEADER |
00000nam0a2200000 4500 |
| 001 |
324477 |
| 005 |
20231102003654.0 |
| 035 |
|
|
|a (RuTPU)RU\TPU\book\350075
|
| 090 |
|
|
|a 324477
|
| 100 |
|
|
|a 20161116d1945 km y0rusy50 ca
|
| 101 |
0 |
|
|a rus
|
| 102 |
|
|
|a AZ
|
| 105 |
|
|
|a a z 000zy
|
| 200 |
1 |
|
|a Нефти Азербайджана
|f В. С. Гутыря, В. Я. Масумян, В. Я. Масумян, С. М. Лисовская
|g Азербайджанский научно-исследовательский институт нефтеперерабатывающей промышленности
|
| 210 |
|
|
|a Баку
|c Азнефтеиздат
|d 1945
|
| 215 |
|
|
|a 130 с.
|c ил.
|
| 606 |
1 |
|
|a Нефть
|x Исследование
|2 stltpush
|3 (RuTPU)RU\TPU\subj\33712
|9 55868
|
| 610 |
1 |
|
|a нефтяные месторождения
|
| 610 |
1 |
|
|a Азербайджан
|
| 610 |
1 |
|
|a свойства
|
| 610 |
1 |
|
|a Апшеронский полуостров
|
| 610 |
1 |
|
|a Прикаспийская нефтегазоносная провинция
|
| 610 |
1 |
|
|a свойства
|
| 610 |
1 |
|
|a переработка
|
| 675 |
|
|
|a 665.6
|v 4
|
| 701 |
|
1 |
|a Гутыря
|b В. С.
|g Виктор Степанович
|
| 701 |
|
1 |
|a Масумян
|b В. Я.
|
| 701 |
|
1 |
|a Масумян
|b В. Я.
|
| 701 |
|
1 |
|a Бух
|b Д. Н.
|
| 701 |
|
1 |
|a Лисовская
|b С. М.
|
| 712 |
0 |
2 |
|a Азербайджанский научно-исследовательский институт нефтеперерабатывающей промышленности
|2 stltpush
|3 (RuTPU)RU\TPU\col\27199
|
| 801 |
|
1 |
|a RU
|b 63413507
|c 20161116
|
| 801 |
|
2 |
|a RU
|b 63413507
|c 20200210
|g RCR
|
| 942 |
|
|
|c BK
|